000
00221nam a2200085Ia 4500
008
160531s9999 xx 000 0 und d
245
_a
Human Body Maps
260
_c
2013
856
_u
http://www.healthline.com/human-body-maps
999
_c
295384
_d
295384